| 000 -LEADER |
| fixed length control field |
00856nam a2200217Ia 4500 |
| 001 - CONTROL NUMBER |
| control field |
11095 |
| 003 - CONTROL NUMBER IDENTIFIER |
| control field |
GE_BSU |
| 008 - FIXED-LENGTH DATA ELEMENTS--GENERAL INFORMATION |
| fixed length control field |
181216s||||||||xx |||||||||||||| ||und|| |
| 040 ## - CATALOGING SOURCE |
| Transcribing agency |
GE_BSU |
| 080 ## - UNIVERSAL DECIMAL CLASSIFICATION NUMBER |
| Universal Decimal Classification number |
52(031) |
| 245 ## - TITLE STATEMENT |
| Title |
Энциклопедический словарь юного астронома |
| 245 ## - TITLE STATEMENT |
| Remainder of title |
Для среднего и старшего школьного возраста. |
| 245 ## - TITLE STATEMENT |
| Statement of responsibility, etc. |
Сост.Ерпилев Н.П. Ред.колл.Мустель Э.Р.(Гл.ред.)Васильев, Ю.В. Воронцов-Вельяминов Б.А. и др. |
| 250 ## - EDITION STATEMENT |
| Edition statement |
2-е изд, дол и перераб. |
| 260 ## - PUBLICATION, DISTRIBUTION, ETC. |
| Place of publication, distribution, etc. |
Москва. |
| 260 ## - PUBLICATION, DISTRIBUTION, ETC. |
| Name of publisher, distributor, etc. |
Педагогика. |
| 260 ## - PUBLICATION, DISTRIBUTION, ETC. |
| Date of publication, distribution, etc. |
1986. |
| 300 ## - PHYSICAL DESCRIPTION |
| Extent |
336стр,27см. |
| 653 ## - INDEX TERM--UNCONTROLLED |
| Uncontrolled term |
Энциклопедический словарь юного астронома |
| 942 ## - ADDED ENTRY ELEMENTS (KOHA) |
| Koha item type |
წიგნი |